000 00468nam a2200181Ia 4500
003 GCL
008 140319s9999 xx 000 0 eng d
040 _aGCL /
_cGCL
082 0 4 _a928.927
_bD K
100 1 _aDAHDAH, JEAN - PIERE
245 1 0 _aKHALIL GIBRAN /
_cDAHDAH, JEAN - PIERE
260 _a[S.N] :
_bALBIN MICHEL, S.A ،
_c1994
300 _a461 P
650 0 4 _aLITERATURE - BIOGRAPHY
650 0 4 _aBIOGRAPHY
650 0 4 _aKHALIL GOBRAN
942 _2ddc
_cBK
999 _c13953
_d13953